000 00681nam a2200181 a 4500
001 000002722
005 20200929150238.0
008 090703s1978 dr 001 0 spa d
040 _aDO-SdBNP
_bspa
_cBNPHU
082 _axxxx
_bP944m
100 1 _aPérez Méndez, Napoleón,
_d1942-
_98581
245 1 0 _aManuel de estudios arancelarios y legislación aduanera en República Dominicana /
_cNapoleón Pérez Méndez.
260 _aSanto Domingo :
_bSecretaría de Estado de Agricultura,
_c1978.
300 _a223 p. ;
_c21 cm.
500 _aIncluye índice
504 _aBibliografías : p. 222
710 2 _aUnidad de divulgación técnica de Secretaría de Estado de Agricultura
_98582
999 _c2557
_d2557